000 01777cam a2200481 i 4500
001 200468098
003 TR-AnTOB
005 20260414094137.0
007 ta
008 260414s1961 maua 000 1 eng d
010 _a 2002522680
035 _a(CLU)967938-ucladb-Voyager
035 _a(OCoLC)02159977
035 _a(OCoLC)ocm02159977
035 _a(EXLNZ-01UCS_NETWORK)9912757766606531
035 _a(TR-AnTOB)200468098
040 _aKLG
_beng
_erda
_cDLC
_dKLG
_dOCLCQ
_dBTCTA
_dOCLCG
_dOCLCQ
_dOCLCO
_dKLD
_dOCLCF
_dOCLCO
_dOCLCQ
_dOCLCO
_dOCLCA
_dPAU
_dOCLCQ
_dOCLCA
_dOCLCQ
_dOCLCO
_dOCLCL
_dOKT
_dOCLCQ
_dTR-AnTOB
041 0 _aeng
043 _an-us-nb
050 0 0 _aPS3505.A87
_bM8 1961
090 _aPS3505.A87
_bM8 1961
100 1 _aCather, Willa,
_d1873-1947
_eauthor
_4aut
_9153515
245 1 0 _aMy Ántonia /
_cby Willa Cather ; with illustrations by W.T. Benda.
250 _aSentry edition.
264 1 _aBoston :
_bHoughton Mifflin,
_c1961.
300 _a371 pages :
_billustrations ;
_c21 cm
336 _atext
_btxt
_2rdacontent
337 _aunmediated
_bn
_2rdamedia
338 _avolume
_bnc
_2rdacarrier
650 0 _aWomen immigrants
_vFiction
_9153632
650 0 _aFarmers' spouses
_vFiction
_9153633
650 0 _aCzech Americans
_vFiction
_9153634
650 0 _aWomen pioneers
_vFiction
_9153635
650 0 _aMarried women
_vFiction
_95233
650 0 _aFriendship
_vFiction
_964919
650 0 _aFarm life
_vFiction
_95346
651 0 _aNebraska
_vFiction
_9153636
655 7 _aDomestic fiction
_2lcgft
_0http://id.loc.gov/authorities/genreForms/gf2014026295
_9116540
700 1 _aBenda, Wladyslaw T.
_q(Wladyslaw Theodore),
_d1873-1948
_eillustrator
_4ill
_9153637
942 _2lcc
_cBK
999 _c200468098
_d86310